| 000 | 00762nam a2200289Ia 4500 | ||
|---|---|---|---|
| 999 |
_c7279 _d7279 |
||
| 001 | 7279 | ||
| 003 | BD-JhCC | ||
| 005 | 20180313190334.0 | ||
| 008 | 080917s2004 ii 001 0 eng d | ||
| 020 | _a9780143063698 | ||
| 020 | _a0143063693 | ||
| 035 | _a(BD-JhCC)7279 | ||
| 040 |
_aMYG _cMYG _dBD-JhCC |
||
| 041 | _aeng | ||
| 082 |
_bNEH 2004 _a954 |
||
| 090 |
_aDS436.A1 _bN396 2004 |
||
| 100 | 1 |
_aNehru, Jawaharlal, _d1889-1964. |
|
| 245 | 1 | 4 |
_aThe discovery of India / _cNehru, Jawaharlal. |
| 260 |
_aNew Delhi, India, _bPenguin Books, _c2004. |
||
| 300 |
_axiv, 642 p. ; _c23 cm. |
||
| 490 | 1 | _aModern classics | |
| 651 | 0 |
_aIndia _xHistory. |
|
| 651 | 0 |
_aIndia _xCivilization. |
|
| 830 | 0 | _aModern classics. | |
| 942 |
_2ddc _cBK |
||